| 000 | 00677nam a22002297a 4500 | ||
|---|---|---|---|
| 003 | dpl | ||
| 005 | 20250904111010.0 | ||
| 008 | 240724b |||||||| |||| 00| 0 eng d | ||
| 010 | _aENG-146618 | ||
| 020 |
_a818729924X _c200.00 |
||
| 035 | _aEN-146618 | ||
| 037 | _bDBAD | ||
| 040 |
_aDPL _c0 |
||
| 082 |
_a363.7 _21 |
||
| 100 |
_aSivaraman, M. _984694 |
||
| 245 |
_aScientific Approach To Environmental Studies/ _cM. Sivaraman |
||
| 250 | _a1 | ||
| 260 |
_aPuducherry _bPuducherry Co-operative Book Society _c2010 |
||
| 270 |
_aP. 653 17, 14th street, Krishna nagar _bPuducherry _e605008 |
||
| 300 |
_a229p. _c21(pbk) |
||
| 942 |
_2ddc _cEN _h363.7 _mSIV |
||
| 999 |
_c213315 _d213315 |
||